Oceňovanie majetku a zdrojov majetku v účtovníctve podnikateľských subjektov v SR bakalárska práca

Enregistré dans:
Détails bibliographiques
Auteur principal: Trnkusová, Ivana
Collectivité auteur: Fakulta hospodárskej informatiky EU. Katedra účtovníctva a audítorstva
Autres auteurs: Szászová, Renáta
Format: Livre
Langue:slovaque
Publié: Bratislava 2010
Tags: Ajouter un tag
Pas de tags, Soyez le premier à ajouter un tag!

MARC

LEADER 00000nbm a2200000 4500
001 0133728
005 20161109111546.6
041 0 |a slo 
044 |a SK 
245 1 0 |a Oceňovanie majetku a zdrojov majetku v účtovníctve podnikateľských subjektov v SR  |b bakalárska práca  |c Ivana Trnkusová ; školiteľ: Renáta Szászová 
264 1 |a Bratislava  |c 2010 
300 |a 42 s. 
100 1 |a Trnkusová, Ivana 
700 1 |a Szászová, Renáta 
710 2 |a Fakulta hospodárskej informatiky EU. Katedra účtovníctva a audítorstva